Developed countries - Statistics

General Stats
  • This quiz has been taken 136 times
    69 since last reset
  • The average score is 35 of 40
Answer Stats
Answer % Correct
Australia
98%
Canada
98%
Japan
98%
Germany
94%
New Zealand
94%
United States
94%
Austria
93%
France
93%
Spain
93%
Finland
91%
Italy
91%
Netherlands
91%
South Korea
91%
Sweden
91%
Andorra
89%
Belgium
89%
Norway
89%
Singapore
89%
United Kingdom
89%
Ireland
87%
Luxembourg
87%
Portugal
87%
Denmark
85%
Greece
85%
Iceland
85%
Taiwan
85%
Israel
83%
Liechtenstein
83%
San Marino
83%
Slovenia
83%
Estonia
81%
Monaco
81%
Switzerland
81%
Croatia
80%
Czechia
80%
Slovakia
80%
Latvia
78%
Lithuania
78%
Malta
76%
Cyprus
70%
No matching quizzes found
Score Distribution
Percent of People with Each Score
Percentile by Number Answered
Your Score History
You have not taken this quiz since the last reset